000 00547nam a2200181Ia 4500
003 GCL
008 140319s9999 xx 000 0 ara d
040 _aGCL /
_cGCL
082 0 4 _a811.9
_bم ل
100 1 _aمنعم الفقير
245 1 0 _aاللوعات الاربع /
_cمنعم الفقير
300 _a217 ص
490 _aكتاب
_v0
650 0 4 _aالشعر العربى - دواوين وقصائد
650 0 4 _aالشعر العربى - العصر الحديث
650 0 4 _aالشعر العربى - مصر
942 _2ddc
_cBK
999 _c42954
_d42954